00210nam a2200097Ia 4500008004100000100002000041245001800061260000900079942000700088999001700095190216s9999||||xx |||||||||||||| ||und|| aRadhakrishnan C 0aNizhalpadukal bNull cBK c23751d23751